000 00960nam a2200229 a 4500
001 000016495
005 20260206100315.0
008 100305s1997 dr ac 000 0 spa d
040 _aDO-SdBNP
_bspa
_cBNPHU
082 _a354.2793
_bR426t
110 1 _aRepública Dominicana.
_bOficina de Ingenieros Supervisores de Obras del Estado
_936723
245 1 0 _a365 días construyendo el nuevo camino /
_cintroducción Euclides Sánchez.
246 1 0 _atrescientos sesenta y cinco días construyendo el nuevo camino
260 _aSanto Domingo :
_bOficina de Ingenieros Supervisores de Obras del Estado,
_c1997.
300 _a70 p. :
_bil., gráfcs., retrs. ;
_c22 cm.
590 _aInventariado, 2018/MFF
650 0 _aDESARROLLO URBANO
_97889
650 4 _aPolítica urbana
_xRepública dominicana
_936724
651 0 _aRepública Dominicana
_xPolítica y gobierno
_945
700 1 _aSánchez, Euclides,
_eintrod.
_917223
910 _aValidado. Control de calidad EMS
999 _c16030
_d16030